00613 2200241 4500001002100000005001500021035002000036245005600056100001800112250000600130300003500136700001700171260003900188082000800227084001400235020002200249650001500271990001700286990001700303990001700320990001700337990001700354INLIS00000000000009620180825121348 a0010-08180000601 aKesebangunan /cDewi Marsiyah; Editor, Ngapiningsih0 aDewi Marsiyah a- aiv, 68 hlm. :bilus. ;c21 cm.0 aNgapiningsih aKlaten :bPT Intan Pariwara,c2009 a510 a510 DEW k a978-979-28-0636-6 aMatematika a00401/P/2018 a00402/P/2018 a00403/P/2018 a00404/P/2018 a00405/P/2018